| 000 | 00713nam a22002057a 4500 | ||
|---|---|---|---|
| 999 |
_c61773 _d61773 |
||
| 005 | 20240501115357.0 | ||
| 008 | 240501s2007 enk||||| |||| 00| 0 eng d | ||
| 020 | _a9780443102110x | ||
| 041 | _aeng | ||
| 080 | _a616.31-053 C-61 | ||
| 245 |
_aClinical Dentistry / _cEdited by Ivor G. Chestnutt, John Gibson. |
||
| 250 | _a3rd Edition | ||
| 264 |
_aEdinburgh : _bChurchill Livingstone, _c2007. |
||
| 300 |
_a592 p.: _bill.; _c19 cm. |
||
| 653 | _aკლინიკური სტომატოლოგია | ||
| 653 | _aმედიცინა | ||
| 700 |
_aChestnutt, Ivor G. _eრედაქტორი _922012 |
||
| 700 |
_aGibson, John _eრედაქტორი _922013 |
||
| 942 |
_2udc _cBK |
||